[Event "Autunno Scacchistico Magistrale"]
[Site "Venezia ITA"]
[Date "2005.11.01"]
[Round "5"]
[White "Dervishi, Erald"]
[Black "Efimov, Igor"]
[Result "1-0"]
[WhiteElo "2489"]
[BlackElo "2403"]
[PlyCount "80"]
[EventDate "2005.10.29"]

1.e4 c5 2.Nf3 e6 3.d4 cxd4 4.Nxd4 a6 5.Bd3 Ne7 6.c4 Nbc6 7.Nb3 Ng6 8.O-O 
Be7 9.Nc3 d6 10.f4 Bd7 11.Be3 O-O 12.Qd2 Rc8 13.Rac1 Nb8 14.Rfd1 Bc6 15.
Nd4 Bf6 16.Nxc6 Nxc6 17.Bf1 Be7 18.Na4 Qe8 19.Nb6 Rd8 20.g3 Nb8 21.Bg2 Bf6
22.Qf2 Ne7 23.c5 e5 24.cxd6 Nec6 25.Nd5 Rxd6 26.Bc5 Rd7 27.Bh3 Bd8 28.Bxd7
Nxd7 29.Bxf8 Nxf8 30.f5 Bg5 31.Rc3 Nd4 32.h4 Bd8 33.Rxd4 exd4 34.Qxd4 Qd7 
35.Kg2 h5 36.f6 gxf6 37.Nxf6+ Bxf6 38.Qxf6 Ne6 39.Rf3 Qc7 40.Rf2 b5 1-0

[Event "Autunno Scacchistico Magistrale"]
[Site "Venezia ITA"]
[Date "2005.11.01"]
[Round "5"]
[White "Di Lascio, Savino"]
[Black "De Nardi, Riccardo"]
[Result "1-0"]
[WhiteElo "1926"]
[BlackElo "1943"]
[PlyCount "70"]
[EventDate "2005.10.29"]

1.Nf3 Nf6 2.g3 g6 3.Bg2 Bg7 4.O-O O-O 5.d3 d6 6.e4 c5 7.c3 Nc6 8.Qe2 Nd7 
9.h4 Nde5 10.Nh2 h5 11.f4 Ng4 12.Bf3 f5 13.exf5 gxf5 14.Bd5+ Kh8 15.Nf3 
Bf6 16.Ng5 Bxg5 17.hxg5 e6 18.Bf3 Rf7 19.Nd2 e5 20.Kg2 exf4 21.Bxg4 hxg4 
22.gxf4 Qe7 23.Qf2 Be6 24.c4 Rg8 25.b4 Rg6 26.Rh1+ Kg8 27.Bb2 Kf8 28.Rh8+ 
Rg8 29.Rah1 Nd4 30.Nb3 Qc7 31.Nxd4 cxd4 32.Rxg8+ Kxg8 33.g6 Rg7 34.Bxd4 
Rxg6 35.Rh8+ Kf7 1-0

[Event "Autunno Scacchistico Magistrale"]
[Site "Venezia ITA"]
[Date "2005.11.01"]
[Round "5"]
[White "Dvirnyy, Danyyil"]
[Black "Omeri, Silvan"]
[Result "0-1"]
[WhiteElo "2272"]
[BlackElo "2128"]
[PlyCount "82"]
[EventDate "2005.10.29"]

1.e4 Nf6 2.e5 Nd5 3.d4 d6 4.exd6 cxd6 5.Nf3 g6 6.Be2 Bg7 7.O-O O-O 8.Re1 
Qc7 9.c3 a6 10.a4 b6 11.Bg5 Bb7 12.Na3 Nd7 13.Rc1 e6 14.Qd2 N7f6 15.Bd3 
Rfe8 16.h3 Ne7 17.Qf4 Nf5 18.Bxf5 exf5 19.Nc2 Nh5 20.Qh2 Bxf3 21.gxf3 Qc6 
22.Kg2 Bf8 23.Bf4 Rxe1 24.Rxe1 Qxa4 25.Nb4 Rd8 26.Be3 Qb5 27.Rd1 a5 28.Nd3
h6 29.Qg1 f4 30.Bc1 Qf5 31.Kh2 g5 32.Qe1 Nf6 33.b3 Qd5 34.c4 Qxf3 35.Qh1 
Qxh1+ 36.Kxh1 Re8 37.Kg2 Bg7 38.Kf3 Ne4 39.Nb2 Nc3 40.Rd3 Ne2 41.Bd2 Nxd4+
0-1

[Event "Autunno Scacchistico Magistrale"]
[Site "Venezia ITA"]
[Date "2005.11.01"]
[Round "5"]
[White "Fattorelli, Luciano"]
[Black "Ambrosi, Eleonora"]
[Result "0-1"]
[WhiteElo "2079"]
[BlackElo "2125"]
[PlyCount "46"]
[EventDate "2005.10.29"]

1.e4 c5 2.Nc3 Nc6 3.g3 g6 4.Bg2 Bg7 5.d3 d6 6.Be3 Nd4 7.h3 e6 8.Qd2 Ne7 9.
Nge2 Nec6 10.f4 Rb8 11.Nd1 O-O 12.c4 Nxe2 13.Qxe2 b6 14.Bf2 Bb7 15.O-O Qd7
16.Ne3 Ne7 17.Nc2 Ba6 18.g4 f5 19.Rfe1 e5 20.exf5 gxf5 21.gxf5 Qxf5 22.
Rad1 Ng6 23.Be4 Qxh3 0-1

[Event "Autunno Scacchistico Magistrale"]
[Site "Venezia ITA"]
[Date "2005.11.01"]
[Round "5"]
[White "Pfeifer, Andreas"]
[Black "Rigo, Gianfrancesco"]
[Result "1-0"]
[WhiteElo "2130"]
[BlackElo "2028"]
[PlyCount "121"]
[EventDate "2005.10.29"]

1.e4 e6 2.d4 d5 3.Nd2 Nf6 4.e5 Nfd7 5.c3 c5 6.Bd3 Nc6 7.Ne2 cxd4 8.cxd4 f6
9.exf6 Nxf6 10.O-O Bd6 11.Nf3 Qc7 12.Bg5 O-O 13.Rc1 h6 14.Bh4 Nh5 15.Bg6 
Rxf3 16.gxf3 Bxh2+ 17.Kg2 Nf4+ 18.Nxf4 Qxf4 19.Bg3 Bxg3 20.fxg3 Qf6 21.Bb1
Bd7 22.Qd3 Qxd4 23.Qxd4 Nxd4 24.Rc7 Bc6 25.f4 Nb5 26.Re7 Re8 27.Rxe8+ Bxe8
28.Rd1 Kf7 29.Kf2 Bc6 30.Bc2 Nd6 31.b3 Kf6 32.Ke3 g5 33.Rd2 Nf7 34.Kd4 h5 
35.Rf2 gxf4 36.gxf4 Nh6 37.Rh2 Nf5+ 38.Bxf5 Kxf5 39.Rxh5+ Kxf4 40.Re5 Bd7 
41.Re1 Kf3 42.Rf1+ Ke2 43.Rf7 Bc6 44.Re7 Kd2 45.Rxe6 Kc2 46.Re2+ Kd1 47.
Rh2 a5 48.a3 Be8 49.Kc3 Bf7 50.Rh1+ Ke2 51.Rh4 Bg6 52.Rh6 Be4 53.Kd4 Kd2 
54.Rh2+ Kc1 55.Kc3 b5 56.b4 a4 57.Kd4 Bc2 58.Kc3 d4+ 59.Kxd4 Kb2 60.Kc5 
Kxa3 61.Rxc2 1-0

[Event "Autunno Scacchistico Magistrale"]
[Site "Venezia ITA"]
[Date "2005.11.01"]
[Round "5"]
[White "Pietrobon, Fabio"]
[Black "Vianello, Enrico"]
[Result "0-1"]
[WhiteElo "2166"]
[BlackElo "2086"]
[PlyCount "42"]
[EventDate "2005.10.29"]

1.d4 d5 2.Nf3 Nc6 3.c4 Bg4 4.cxd5 Bxf3 5.gxf3 Qxd5 6.e3 e5 7.Nc3 Bb4 8.Bd2
Bxc3 9.bxc3 Qd6 10.Qb3 O-O-O 11.Rb1 b6 12.Ba6+ Kb8 13.Ke2 Nge7 14.Rhc1 
Rhe8 15.a4 exd4 16.cxd4 Nf5 17.Kd1 Ncxd4 18.exd4 Nxd4 19.Qd3 Nxf3 20.Rc3 
Nxd2 21.Rb2 Ne4 0-1

[Event "Autunno Scacchistico Magistrale"]
[Site "Venezia ITA"]
[Date "2005.11.01"]
[Round "5"]
[White "Redo, Giorgio"]
[Black "Pastres, Roberto"]
[Result "1-0"]
[WhiteElo "2037"]
[BlackElo "2160"]
[PlyCount "109"]
[EventDate "2005.10.29"]

1.d4 d5 2.c4 c6 3.cxd5 cxd5 4.Nc3 Nc6 5.Nf3 Nf6 6.e3 Bg4 7.h3 Bh5 8.Qa4 
Bxf3 9.gxf3 e6 10.Bb5 Qb6 11.Rg1 Rc8 12.a3 g6 13.Bd2 a6 14.Bxc6+ Qxc6 15.
Qxc6+ Rxc6 16.Ke2 Be7 17.Kd3 O-O 18.Rac1 Rfc8 19.Rc2 Nd7 20.Rgc1 Bh4 21.
Nd1 Rxc2 22.Rxc2 Rxc2 23.Kxc2 f5 24.Bb4 Nb6 25.b3 Nc8 26.a4 Kf7 27.Kd3 Ke8
28.e4 Kd7 29.Be1 Nd6 30.exd5 exd5 31.Ne3 Kc6 32.Ng2 Bf6 33.Nf4 Nf7 34.Bd2 
Bh4 35.Ke2 Be7 36.Nd3 Bd6 37.f4 Nd8 38.Bb4 Ne6 39.Bxd6 Kxd6 40.Ke3 b6 41.
Ne5 Ke7 42.Nf3 Kf6 43.h4 Kg7 44.Ne5 Kh6 45.Nd7 b5 46.a5 Kh5 47.Nf6+ Kxh4 
48.Nxd5 Kh3 49.Ne7 Kg2 50.d5 Nf8 51.d6 Nd7 52.b4 Nf6 53.Ng8 Nd5+ 54.Kd2 
Nxb4 55.Ne7 1-0

[Event "Autunno Scacchistico Magistrale"]
[Site "Venezia ITA"]
[Date "2005.11.01"]
[Round "5"]
[White "Roberti, Ignazio"]
[Black "Redo, Stefano"]
[Result "1-0"]
[WhiteElo "1937"]
[BlackElo "1949"]
[PlyCount "75"]
[EventDate "2005.10.29"]

1.e4 c5 2.Nf3 e6 3.b3 Nc6 4.Bb2 Nge7 5.Be2 Ng6 6.d4 cxd4 7.Nxd4 Qh4 8.Nc3 
Bb4 9.Nb5 O-O 10.Bf3 Nce5 11.Qd4 Ba5 12.Ba3 Nxf3+ 13.gxf3 e5 14.Qd2 d6 15.
Nxd6 Bh3 16.O-O-O Bg2 17.Nf5 Bxc3 18.Qxc3 Qf4+ 19.Qe3 Bxf3 20.Bxf8 Kxf8 
21.Kb2 Bxh1 22.Qxa7 Re8 23.Qc5+ Kg8 24.Ne7+ Kh8 25.Qb5 Rf8 26.Qb4 Bxe4 27.
Nxg6+ fxg6 28.Qe7 h5 29.Rd7 Qf6 30.Qb4 Bc6 31.Rd6 Qe7 32.Qc5 Rc8 33.b4 Kh7
34.Rxc6 Qxc5 35.Rxc5 Rxc5 36.bxc5 Kg8 37.c6 bxc6 38.a4 1-0

[Event "Autunno Scacchistico Magistrale"]
[Site "Venezia ITA"]
[Date "2005.11.01"]
[Round "5"]
[White "Rorato, Renzo"]
[Black "Drezzadore, Dario"]
[Result "1-0"]
[WhiteElo "2149"]
[BlackElo "2061"]
[PlyCount "97"]
[EventDate "2005.10.29"]

1.Nf3 Nf6 2.c4 g6 3.Nc3 Bg7 4.e4 d6 5.d4 O-O 6.Be2 e5 7.O-O Nc6 8.d5 Ne7 
9.Nd2 Ne8 10.b4 f5 11.c5 Rf7 12.a4 Bf8 13.Nc4 f4 14.Rb1 g5 15.Ba3 Rg7 16.
g4 h5 17.h3 Ng6 18.f3 Qf6 19.Kf2 Rf7 20.Rg1 Qh8 21.Rh1 Rh7 22.c6 b6 23.Nd2
hxg4 24.hxg4 Rh2+ 25.Rxh2 Qxh2+ 26.Kf1 Nh4 27.Bc4 Bxg4 28.fxg4 Qg2+ 29.Ke1
f3 30.Nf1 Qxg4 31.Qd2 Nf6 32.Kd1 Bh6 33.Bd3 Nh5 34.Kc2 Nf4 35.Ne3 Qg3 36.
Rh1 Kg7 37.Bc1 Nfg2 38.Nf5+ Nxf5 39.exf5 Rh8 40.Ne4 Qf4 41.Qf2 Qg4 42.Qg3 
Qxg3 43.Nxg3 Nf4 44.Nh5+ Kf7 45.Be4 g4 46.Nxf4 exf4 47.Bxf4 Bg7 48.Rxh8 
Bxh8 49.Bxd6 1-0

[Event "Autunno Scacchistico Magistrale"]
[Site "Venezia ITA"]
[Date "2005.11.01"]
[Round "5"]
[White "Tomelleri, Alessio"]
[Black "Marson, Luca"]
[Result "0-1"]
[WhiteElo "1994"]
[BlackElo "1972"]
[PlyCount "68"]
[EventDate "2005.10.29"]

1.e4 c5 2.Nc3 Nc6 3.g3 g6 4.Bg2 Bg7 5.d3 d6 6.Be3 e6 7.Nh3 Nge7 8.O-O O-O 
9.Qd2 Nd4 10.Nd1 e5 11.f4 f5 12.c3 Ndc6 13.Ndf2 Rb8 14.Rad1 b6 15.Ng5 Bd7 
16.Nf3 Qe8 17.d4 Rd8 18.fxe5 dxe5 19.d5 Na5 20.b3 Nc8 21.c4 Nd6 22.Nh4 Qe7
23.Bh6 f4 24.Bxg7 Kxg7 25.Nf3 fxg3 26.hxg3 Nab7 27.Rde1 Rde8 28.Nd3 Nf7 
29.Qc3 Nbd6 30.a3 Bg4 31.b4 Bxf3 32.Rxf3 cxb4 33.axb4 Rc8 34.Bh3 Rxc4 0-1

[Event "Autunno Scacchistico Magistrale"]
[Site "Venezia ITA"]
[Date "2005.11.01"]
[Round "5"]
[White "Trangoni, Bruno"]
[Black "Marson, Antonio"]
[Result "1-0"]
[WhiteElo "1946"]
[BlackElo "1854"]
[PlyCount "91"]
[EventDate "2005.10.29"]

1.d4 d5 2.Nf3 c6 3.e3 Nf6 4.Bd3 Bg4 5.c4 e6 6.Nbd2 Be7 7.Qb3 Qb6 8.Ne5 
Qxb3 9.axb3 Bh5 10.c5 O-O 11.b4 a6 12.b5 Bg6 13.Nxg6 hxg6 14.Nf3 cxb5 15.
Bxb5 Nc6 16.Ba4 Nd7 17.Bd2 Rac8 18.O-O b5 19.Bc2 Nf6 20.Ba5 Nd7 21.Ra3 
Nxc5 22.dxc5 Bxc5 23.b4 Nxb4 24.Bxb4 Bxb4 25.Ra2 Rc3 26.Nd4 Rfc8 27.Bd1 e5
28.Nf3 e4 29.Nd4 Ra3 30.Rc2 Rac3 31.Rb2 Bc5 32.Ne2 Ra3 33.Bb3 Rd8 34.Rd1 
d4 35.exd4 Be7 36.Rdb1 b4 37.Ng3 Ra5 38.Nxe4 Rb5 39.Rc1 Rb6 40.Kf1 a5 41.
Rc7 Kf8 42.d5 f5 43.d6 Bxd6 44.Rf7+ Ke8 45.Nxd6+ Rdxd6 46.Re2+ 1-0

[Event "Autunno Scacchistico Magistrale"]
[Site "Venezia ITA"]
[Date "2005.11.01"]
[Round "5"]
[White "Ventura, Sergio"]
[Black "Giuriati, Paolo"]
[Result "1/2-1/2"]
[WhiteElo "2100"]
[BlackElo "2236"]
[PlyCount "126"]
[EventDate "2005.10.29"]

1.c4 e6 2.Nf3 Nf6 3.Nc3 d5 4.e3 c6 5.Qc2 Nbd7 6.b3 Bd6 7.Bb2 Qe7 8.Rg1 a6 
9.g4 h6 10.h4 b5 11.g5 hxg5 12.hxg5 Nh5 13.cxd5 cxd5 14.Be2 Bb7 15.Qd1 e5 
16.Nh4 g6 17.Bxh5 Rxh5 18.Nf5 Qf8 19.d4 Rh2 20.Nxd6+ Qxd6 21.Qf3 Rc8 22.
Qg3 Rh7 23.Kf1 Qb4 24.Rc1 e4 25.Kg2 Kd8 26.Nb1 Qe7 27.Rxc8+ Bxc8 28.Rc1 
Nb6 29.Ba3 Qe6 30.Qc7+ Ke8 31.Qc6+ Kd8 32.Qc7+ Ke8 33.Qc6+ Qd7 34.Bd6 Bb7 
35.Qxd7+ Kxd7 36.Be5 Bc6 37.Nc3 Rh5 38.Bf6 b4 39.Ne2 Na8 40.Nf4 Rh7 41.Be5
Nb6 42.Bf6 Rh4 43.Ne2 Kc7 44.Kg3 Rh7 45.Be7 a5 46.Rc5 Nd7 47.Rxa5 Kb6 48.
Bd8+ Kb7 49.Nf4 Rh8 50.Be7 Nb6 51.Bxb4 Rh1 52.Kg2 Ra1 53.Bc5 Nc8 54.Ne2 
Bd7 55.Nc3 Bg4 56.Kg3 Rg1+ 57.Kf4 Be6 58.f3 Rf1 59.Nxe4 dxe4 60.Kxe4 Bf5+ 
61.Kf4 Bd3 62.Kg3 Rg1+ 63.Kf4 Rf1 1/2-1/2

[Event "Autunno Scacchistico Magistrale"]
[Site "Venezia ITA"]
[Date "2005.11.01"]
[Round "5"]
[White "Xia, Jie"]
[Black "Faccia, Sergio"]
[Result "1-0"]
[WhiteElo "2111"]
[BlackElo "2004"]
[PlyCount "61"]
[EventDate "2005.10.29"]

1.e4 e5 2.Nf3 f5 3.Nxe5 Qf6 4.d4 d6 5.Nc4 fxe4 6.Nc3 Qg6 7.Bf4 Nf6 8.Qd2 
Be7 9.O-O-O O-O 10.Kb1 a6 11.Ne3 c6 12.Nc4 Nh5 13.Nb6 Nxf4 14.Nxa8 Bg4 15.
Ne2 Bg5 16.Qe1 Nd7 17.Nc7 Rc8 18.Nxa6 bxa6 19.h3 Nd3 20.cxd3 exd3 21.Ka1 
Bxe2 22.Bxe2 Re8 23.Rxd3 Qe4 24.Ra3 Bh6 25.Bc4+ d5 26.Qxe4 Rxe4 27.Bxa6 
Rxd4 28.g3 Rd2 29.Rf3 Bg5 30.Bc8 Ne5 31.Be6+ 1-0

[Event "Autunno Scacchistico Magistrale"]
[Site "Venezia ITA"]
[Date "2005.11.01"]
[Round "5"]
[White "Zanin, Dario"]
[Black "Zanirato, Stefano"]
[Result "1-0"]
[WhiteElo "2044"]
[BlackElo "1947"]
[PlyCount "115"]
[EventDate "2005.10.29"]

1.e4 Nc6 2.d4 d5 3.e5 a6 4.c3 Bf5 5.Be3 e6 6.Nd2 Be7 7.g4 Bg6 8.Nh3 h5 9.
Nf4 Bg5 10.Nxg6 fxg6 11.Qc2 Bxe3 12.Qxg6+ Kf8 13.fxe3 Rh6 14.Qd3 Qh4+ 15.
Kd1 hxg4 16.Bg2 Nge7 17.Kc2 Kg8 18.Raf1 Rf8 19.Rxf8+ Kxf8 20.e4 Ke8 21.
exd5 exd5 22.a3 Qf2 23.Qf1 Qxf1 24.Nxf1 Nd8 25.Ne3 c6 26.Nxg4 Rh4 27.Ne3 
Ne6 28.Kd2 Nf4 29.h3 g6 30.Bf1 Nf5 31.Nxf5 gxf5 32.Ke3 Ne6 33.Rg1 Kf7 34.
Kf3 Rf4+ 35.Kg3 Re4 36.Kh2 Re3 37.Rg3 Re1 38.Bd3 f4 39.Rg6 Re3 40.Rf6+ Ke7
41.Bf1 Re1 42.Kg2 c5 43.h4 cxd4 44.cxd4 f3+ 45.Rxf3 Nxd4 46.Rf4 Ne6 47.Rf5
Re4 48.Kg3 d4 49.h5 Re3+ 50.Kf2 Re4 51.Bg2 Rf4+ 52.Rxf4 Nxf4 53.h6 Nd3+ 
54.Kf1 Nxe5 55.Bxb7 a5 56.h7 Nf7 57.Bd5 Nh8 58.Ke2 1-0

[Event "Autunno Scacchistico Magistrale"]
[Site "Venezia ITA"]
[Date "2005.11.01"]
[Round "5"]
[White "Zarpellon, Daniel"]
[Black "Guglielmi, Dante"]
[Result "1-0"]
[WhiteElo "2010"]
[BlackElo "2030"]
[PlyCount "49"]
[EventDate "2005.10.29"]

1.e4 c5 2.d4 cxd4 3.c3 d3 4.Bxd3 Nc6 5.f4 d6 6.Nf3 Nf6 7.O-O g6 8.Qe2 Bg7 
9.e5 Ng4 10.Nd4 Qb6 11.Kh1 dxe5 12.Nxc6 bxc6 13.h3 Nh6 14.fxe5 Nf5 15.Rf3 
O-O 16.Na3 Be6 17.Bg5 Bd5 18.Rxf5 gxf5 19.Bxf5 Rfb8 20.b3 Qc5 21.Qh5 Qxc3 
22.Qxh7+ Kf8 23.Bh6 Qxa1+ 24.Nb1 Qxe5 25.Qh8# 1-0

[Event "Autunno Scacchistico Magistrale"]
[Site "Venezia ITA"]
[Date "2005.11.01"]
[Round "6"]
[White "Ambrosi, Eleonora"]
[Black "Lorenzini, Adriano"]
[Result "1-0"]
[WhiteElo "2125"]
[BlackElo "1907"]
[PlyCount "45"]
[EventDate "2005.10.29"]

1.e4 c6 2.d4 d5 3.exd5 cxd5 4.c4 Nf6 5.Nc3 e6 6.Nf3 Bb4 7.Bd3 O-O 8.O-O 
dxc4 9.Bxc4 Nbd7 10.Bg5 Be7 11.Qe2 Nb6 12.Bd3 Nbd5 13.Rac1 h6 14.Bd2 Nxc3 
15.bxc3 Bd7 16.Ne5 Rc8 17.c4 Bc6 18.Bc3 Bd6 19.Nxc6 Rxc6 20.Bb2 Qa5 21.d5 
exd5 22.Bxf6 gxf6 23.Qg4+ 1-0

[Event "Autunno Scacchistico Magistrale"]
[Site "Venezia ITA"]
[Date "2005.11.01"]
[Round "6"]
[White "De Nardi, Riccardo"]
[Black "Trangoni, Bruno"]
[Result "0-1"]
[WhiteElo "1943"]
[BlackElo "1946"]
[PlyCount "30"]
[EventDate "2005.10.29"]

1.e4 g6 2.d4 Bg7 3.Be3 c6 4.Nc3 d5 5.e5 h5 6.Be2 Nh6 7.f3 Qb6 8.Rb1 a6 9.
g4 hxg4 10.fxg4 Bxe5 11.Bxh6 Rxh6 12.dxe5 Rxh2 13.Rxh2 Qxg1+ 14.Bf1 Qxh2 
15.Qe2 Qg3+ 0-1

[Event "Autunno Scacchistico Magistrale"]
[Site "Venezia ITA"]
[Date "2005.11.01"]
[Round "6"]
[White "Del Monaco, Andrea"]
[Black "Djuric, Stefan"]
[Result "0-1"]
[WhiteElo "2234"]
[BlackElo "2460"]
[PlyCount "124"]
[EventDate "2005.10.29"]

1.e4 c5 2.Nf3 a6 3.d3 Nc6 4.g3 g6 5.Bg2 Bg7 6.O-O d6 7.c3 e5 8.a3 Nge7 9.
b4 O-O 10.Nbd2 h6 11.Re1 Be6 12.Rb1 cxb4 13.axb4 b5 14.Nb3 f5 15.exf5 Bxf5
16.Nh4 Bd7 17.d4 g5 18.Nf3 Bf5 19.Ra1 e4 20.Nfd2 d5 21.Nf1 Qc8 22.Ne3 Bh3 
23.Re2 Bxg2 24.Kxg2 Nd8 25.Nc5 Ne6 26.Nxe6 Qxe6 27.Rea2 Rf3 28.Qb3 Kh8 29.
Bd2 Raf8 30.Be1 Qf7 31.Re2 Nf5 32.Nxf5 Qxf5 33.Qc2 Rf6 34.Qc1 Rc6 35.Qd1 
Rd3 36.Bd2 Rcxc3 37.Re3 Rxe3 38.Bxe3 Rc6 39.Qb3 Kh7 40.Kg1 Kg6 41.Qd1 Qc8 
42.Ra5 h5 43.Qb3 Qe6 44.h3 Bf6 45.Qa2 Qd6 46.Kg2 Be7 47.Bd2 Qe6 48.Qb3 Bf6
49.Be3 Qf5 50.Qa2 Qe6 51.Qe2 Qc8 52.Ra3 Be7 53.Qd2 Qf5 54.Ra5 Qf3+ 55.Kg1 
h4 56.gxh4 g4 57.hxg4 Qxg4+ 58.Kf1 Qh3+ 59.Ke2 Qf3+ 60.Ke1 Qh1+ 61.Ke2 Qb1
62.Bg5 Bxb4 0-1

[Event "Autunno Scacchistico Magistrale"]
[Site "Venezia ITA"]
[Date "2005.11.01"]
[Round "6"]
[White "Drezzadore, Dario"]
[Black "Opacic, Alexandar"]
[Result "0-1"]
[WhiteElo "2061"]
[BlackElo "2122"]
[PlyCount "158"]
[EventDate "2005.10.29"]

1.e4 c5 2.d4 cxd4 3.c3 d3 4.Bxd3 g6 5.Nf3 d6 6.c4 Bg7 7.Nc3 Nf6 8.O-O Nc6 
9.h3 O-O 10.Be3 Be6 11.Rc1 Qa5 12.Ng5 Rac8 13.Nxe6 fxe6 14.b3 Nh5 15.Na4 
Nf4 16.Bxf4 Rxf4 17.c5 Rcf8 18.Bc4 Nd4 19.Qd3 b5 20.cxb6 axb6 21.Nc3 Kh8 
22.Ne2 Nxe2+ 23.Qxe2 d5 24.exd5 exd5 25.Bb5 Re4 26.Qd3 Rd4 27.Qe2 Rd2 28.
Qe1 Qxa2 29.Rd1 Rxd1 30.Qxd1 d4 31.Bc4 e5 32.Qg4 Qc2 33.Qe6 e4 34.Qxb6 Qd2
35.Qe6 Qf4 36.g3 Qf3 37.Bd5 Qf5 38.Qxe4 Qxh3 39.Bc4 Rd8 40.Qe7 Qc8 41.Re1 
Rf8 42.Qe4 Qc7 43.Qd3 Qa5 44.Re7 Qg5 45.Qe4 Qf6 46.Qe2 h5 47.Re6 Qg5 48.
Bd3 Bf6 49.Qe4 Kg7 50.Rc6 Rf7 51.Re6 h4 52.Kg2 hxg3 53.fxg3 Ra7 54.Ra6 Rc7
55.Bc4 Qd2+ 56.Qe2 Qxe2+ 57.Bxe2 Rc3 58.Bc4 Be5 59.Ra7+ Kh6 60.g4 Rg3+ 61.
Kf2 Rxg4 62.Re7 Re4 63.Rd7 Kg5 64.Rd5 Re3 65.b4 Kf4 66.b5 Rc3 67.Be2 Rb3 
68.Rd8 Rb2 69.Rd7 g5 70.Rd8 g4 71.Kf1 g3 72.Rf8+ Ke4 73.Bf3+ Ke3 74.Bc6 d3
75.Rg8 Kd4 76.Rd8+ Kc3 77.Be4 Bd4 78.Rc8+ Kb4 79.Bxd3 g2+ 0-1

[Event "Autunno Scacchistico Magistrale"]
[Site "Venezia ITA"]
[Date "2005.11.01"]
[Round "6"]
[White "Dvirnyy, Danyyil"]
[Black "Roberti, Ignazio"]
[Result "1-0"]
[WhiteElo "2272"]
[BlackElo "1937"]
[PlyCount "79"]
[EventDate "2005.10.29"]

1.e4 c5 2.Nf3 Nf6 3.Nc3 d5 4.exd5 Nxd5 5.Bc4 e6 6.O-O Be7 7.Re1 Nc6 8.Ne4 
O-O 9.d4 cxd4 10.Nxd4 Nxd4 11.Qxd4 Nf6 12.Qxd8 Rxd8 13.Bg5 Bd7 14.Nxf6+ 
Bxf6 15.Bxf6 gxf6 16.f4 Bc6 17.Rad1 Rac8 18.Bd3 Rd7 19.Be2 Rcd8 20.Rxd7 
Rxd7 21.Bd3 Rd4 22.g3 h5 23.h4 Bf3 24.Kf2 Bg4 25.Ke3 Rd8 26.c4 Kf8 27.b4 
Ke7 28.a4 Rc8 29.a5 Kd6 30.c5+ Kc7 31.b5 Rd8 32.Rc1 Rd7 33.Be4 Rd1 34.b6+ 
Kb8 35.Rxd1 Bxd1 36.f5 axb6 37.axb6 Ba4 38.Bf3 exf5 39.Bxh5 Bc6 40.Kf4 1-0

[Event "Autunno Scacchistico Magistrale"]
[Site "Venezia ITA"]
[Date "2005.11.01"]
[Round "6"]
[White "Giuriati, Paolo"]
[Black "Zanin, Dario"]
[Result "1/2-1/2"]
[WhiteElo "2236"]
[BlackElo "2044"]
[PlyCount "143"]
[EventDate "2005.10.29"]

1.d4 Nf6 2.Bf4 g6 3.Nf3 Bg7 4.e3 O-O 5.c4 c5 6.Nc3 cxd4 7.exd4 d5 8.c5 Bg4
9.Be2 Nc6 10.O-O Ne8 11.Ne5 Bxe2 12.Nxe2 f6 13.Nxc6 bxc6 14.Qd2 e5 15.Be3 
Rb8 16.b4 Nc7 17.Rab1 Qd7 18.a4 a6 19.Rb3 Rb7 20.Rfb1 Rfb8 21.f4 e4 22.Nc3
h5 23.Ne2 Kf7 24.R3b2 Bh6 25.h3 Bg7 26.Nc3 Bh6 27.Qe2 Qf5 28.Qf1 h4 29.Qf2
Ne6 30.Ne2 g5 31.fxg5 Qxf2+ 32.Kxf2 fxg5 33.g3 Bg7 34.gxh4 gxh4 35.Ke1 Bf6
36.Kd2 Ng5 37.Bxg5 Bxg5+ 38.Kc3 Ke6 39.Rg1 Be3 40.Rg6+ Kd7 41.Rg4 Rf8 42.
Rxh4 Rf3 43.Kc2 Rf2 44.Kb3 Ke6 45.Rg4 a5 46.b5 cxb5 47.Ka2 b4 48.Rg6+ Rf6 
49.Rg8 Rff7 50.Rg6+ Rf6 51.Rg8 Rff7 52.Rb3 Bd2 53.Rg6+ Rf6 54.Rxf6+ Kxf6 
55.Rg3 Kf5 56.Rg8 e3 57.Re8 Rg7 58.Kb3 Rd7 59.Re5+ Kg6 60.h4 Rf7 61.Rxd5 
Rf2 62.c6 Rxe2 63.c7 Bc1 64.Rc5 Rb2+ 65.Kc4 e2 66.c8=Q Rc2+ 67.Kd3 Rd2+ 
68.Kc4 Rc2+ 69.Kb3 Rb2+ 70.Kc4 Rc2+ 71.Kd3 Rd2+ 72.Kc4 1/2-1/2

[Event "Autunno Scacchistico Magistrale"]
[Site "Venezia ITA"]
[Date "2005.11.01"]
[Round "6"]
[White "Guglielmi, Dante"]
[Black "Zanirato, Stefano"]
[Result "1/2-1/2"]
[WhiteElo "2030"]
[BlackElo "1947"]
[PlyCount "120"]
[EventDate "2005.10.29"]

1.c4 Nf6 2.Nc3 e6 3.g3 d5 4.cxd5 exd5 5.d4 c6 6.Bg2 Bf5 7.Nf3 Bd6 8.O-O 
O-O 9.Nh4 Be6 10.Qc2 Qd7 11.Bg5 Be7 12.Rad1 h6 13.Bc1 g5 14.Nf3 Bf5 15.Qd2
Ne4 16.Nxe4 dxe4 17.Ne5 Qd5 18.b3 b5 19.Bb2 f6 20.Nd3 Rd8 21.Nb4 Qd6 22.
Nc2 a5 23.Ne3 Bg6 24.Qc2 f5 25.f3 f4 26.Ng4 exf3 27.Qc3 fxg2 28.Rf2 b4 29.
Qc4+ Qd5 30.Qc1 h5 31.Ne5 Be4 32.gxf4 Nd7 33.Nc4 Rf8 34.Ne3 Qe6 35.Nxg2 g4
36.Qe3 Bd5 37.Qd3 Qe4 38.Qxe4 Bxe4 39.Ne3 Nb6 40.Nf1 Bh4 41.Ng3 Bxg3 42.
hxg3 Nd5 43.Rh2 Rf5 44.Re1 Ne7 45.Kf2 Kf7 46.Ke3 Bd5 47.Kd3 Be6 48.e4 Rb5 
49.f5 Bd7 50.Rxh5 Rg8 51.Kc4 Nc8 52.e5 Kf8 53.a4 Rd5 54.Kd3 Ne7 55.Ke4 c5 
56.dxc5 Bc6 57.Ke3 Be8 58.Rh7 Bc6 59.Rh5 Be8 60.Rh7 Bc6 1/2-1/2

[Event "Autunno Scacchistico Magistrale"]
[Site "Venezia ITA"]
[Date "2005.11.01"]
[Round "6"]
[White "Jurkovic, Ante"]
[Black "Rogulj, Branko"]
[Result "1-0"]
[WhiteElo "2339"]
[BlackElo "2393"]
[PlyCount "139"]
[EventDate "2005.10.29"]

1.e4 e5 2.Nf3 Nc6 3.Bc4 Nf6 4.d3 h6 5.O-O d6 6.c3 Na5 7.Bb5+ Bd7 8.Ba4 
Bxa4 9.Qxa4+ Nc6 10.Re1 Nd7 11.Nbd2 g6 12.Nf1 Bg7 13.d4 O-O 14.dxe5 Ndxe5 
15.Nxe5 Nxe5 16.Qc2 Re8 17.Bf4 Nd7 18.Rad1 Qf6 19.Bg3 Qe6 20.Qb1 Be5 21.f4
Bg7 22.Nd2 Qg4 23.Nc4 Nc5 24.Ne3 Qc8 25.e5 dxe5 26.fxe5 Qe6 27.Nd5 Rac8 
28.Qc1 Red8 29.Nxc7 Qb6 30.Nd5 Qe6 31.c4 Kh7 32.Qe3 Qa6 33.Qf2 Rf8 34.b3 
b5 35.cxb5 Qxb5 36.Nf6+ Bxf6 37.Qxf6 Ne6 38.Rd2 a5 39.Red1 Kg8 40.Bf2 Rc3 
41.Rd6 Qe2 42.R6d2 Qg4 43.Qh4 Qxh4 44.Bxh4 a4 45.bxa4 Rc4 46.Be7 Re8 47.
Bd6 Rxa4 48.Rf1 Rea8 49.a3 Rc8 50.Rb2 Ra7 51.Rfb1 Kg7 52.Rb7 Rca8 53.Rxa7 
Rxa7 54.Rb8 g5 55.Kf2 h5 56.Ke3 Ra4 57.Bb4 Kg6 58.Ke4 Nc5+ 59.Kd5 Nd3 60.
Rb6+ Kf5 61.Rf6+ Kg4 62.Rxf7 Nf4+ 63.Rxf4+ gxf4 64.e6 Kf5 65.e7 Ra8 66.a4 
Kf6 67.a5 Kf7 68.Kc6 Rg8 69.Kd7 Ra8 70.Bc5 1-0

[Event "Autunno Scacchistico Magistrale"]
[Site "Venezia ITA"]
[Date "2005.11.01"]
[Round "6"]
[White "Marson, Luca"]
[Black "Bonafede, Alessandro"]
[Result "0-1"]
[WhiteElo "1972"]
[BlackElo "2147"]
[PlyCount "92"]
[EventDate "2005.10.29"]

1.e4 c5 2.Nf3 Nc6 3.d4 cxd4 4.Nxd4 Nf6 5.Nc3 e5 6.Ndb5 d6 7.Bg5 a6 8.Na3 
b5 9.Nd5 Be7 10.Bxf6 Bxf6 11.c3 Bg5 12.Nc2 Rb8 13.Be2 O-O 14.O-O a5 15.
Nce3 Bxe3 16.Nxe3 Ne7 17.Qd2 Qc7 18.Rfd1 Rd8 19.c4 bxc4 20.Bxc4 Be6 21.
Rac1 Qb7 22.Nd5 Bxd5 23.Bxd5 Qxb2 24.Qxa5 Qb6 25.Qxb6 Rxb6 26.Bb3 Nc6 27.
Bd5 Nb4 28.Bb3 Na6 29.Rc3 Kf8 30.g3 Ke7 31.Rdc1 Nc5 32.Bd5 Rb4 33.Ra3 Rd7 
34.f3 g6 35.Kg2 Rd4 36.Rb1 f5 37.Ra8 fxe4 38.fxe4 Nxe4 39.Bc6 Rc7 40.Re8+ 
Kf7 41.Rf1+ Nf6 42.Bb5 Rc2+ 43.Kg1 Rdd2 44.Rf3 Rc1+ 45.Bf1 Kxe8 46.Rxf6 
Ke7 0-1

[Event "Autunno Scacchistico Magistrale"]
[Site "Venezia ITA"]
[Date "2005.11.01"]
[Round "6"]
[White "Mosconi, Ariel Oscar"]
[Black "Artigas Isart, Miguel"]
[Result "1/2-1/2"]
[WhiteElo "2164"]
[BlackElo "2240"]
[PlyCount "111"]
[EventDate "2005.10.29"]

1.e4 c5 2.c3 Nf6 3.e5 Nd5 4.d4 cxd4 5.cxd4 Nc6 6.Nc3 Nxc3 7.bxc3 e6 8.Nf3 
d5 9.exd6 Bxd6 10.Bd3 h6 11.O-O O-O 12.Rb1 b6 13.Rb2 Bb7 14.Re2 Rc8 15.
Rfe1 Qf6 16.Bb1 Ne7 17.Qd3 Rfd8 18.Ne5 Kf8 19.Qh3 Nd5 20.c4 Nf4 21.Bxf4 
Qxf4 22.Be4 Bxe5 23.Bxb7 Rc7 24.Rxe5 Rxb7 25.R5e4 Qd6 26.Qe3 Kg8 27.c5 Qd5
28.a4 bxc5 29.dxc5 Rb3 30.Qc1 Rd3 31.f3 Rd2 32.Rc4 Qg5 33.Rg4 Qd5 34.Rc4 
Rc8 35.c6 Rd4 36.Rc5 Qa2 37.Rd1 Qxa4 38.Rxd4 Qxd4+ 39.Kf1 Qd3+ 40.Kf2 Qd4+
41.Kf1 Qd6 42.h3 a5 43.Rxa5 Rxc6 44.Qb1 f5 45.Ra8+ Kh7 46.Ra1 Qd2 47.Qd1 
Qb2 48.Rb1 Qa2 49.Rc1 Qa6+ 50.Kg1 Rxc1 51.Qxc1 Qe2 52.f4 Kg6 53.Qc7 h5 54.
Qb8 h4 55.Qe8+ Kh7 56.Kh2 1/2-1/2

[Event "Autunno Scacchistico Magistrale"]
[Site "Venezia ITA"]
[Date "2005.11.01"]
[Round "6"]
[White "Omeri, Silvan"]
[Black "Efimov, Igor"]
[Result "0-1"]
[WhiteElo "2128"]
[BlackElo "2403"]
[PlyCount "56"]
[EventDate "2005.10.29"]

1.e4 c5 2.Nf3 e6 3.c3 d5 4.Bb5+ Bd7 5.Bxd7+ Qxd7 6.exd5 Qxd5 7.O-O Nc6 8.
d4 Rd8 9.Qa4 Nf6 10.Be3 Be7 11.Ne5 O-O 12.c4 Qd6 13.Nxc6 bxc6 14.dxc5 Qe5 
15.Nd2 Ng4 16.Nf3 Qxb2 17.Rab1 Qc3 18.Bd4 Rxd4 19.Rbc1 Qd3 20.Rfd1 Qe2 21.
Rxd4 Qxf2+ 22.Kh1 Qe3 23.Rf1 Nf2+ 24.Kg1 Nd3+ 25.Kh1 Bxc5 26.Rd7 Qe2 27.
Rb1 Nf2+ 28.Kg1 Nd1+ 0-1